00882 2200313 4500001002100000005001500021035002000036090001600056245005500072250001100127260003200138300002500170020001800195040002200213100003200235504002900267082001400296084001600310264003600326336002100362337003000383338002300413650004400436850001200480007000300492008004100495990001600536990001600552INLIS00000000087980620230707095813 a0010-0723000177 aR 432 rah K10aKamus sinonim bahasa Indonesia /cMohamad Ngafenan aCet .1 aYogyakarta :bPinees,c2009 a155 halaman ;c21 cm a978-501-178-2 aYOPDYOGbinderda0 aMohamad NgafenanePengarang aBibliografi: halaman 15504223a413.1 a413.1 MOH k31aSemarang :bDahara Prize,c1994 2rdacontentateks 2rdamediaatanpa perantara 2rdacarrieravolume 4aBahasa Indonesia--xSinonim dan antonim aYOPDYOGta230707s1994 jti g ind d a102114-P/97 a102114-P/97